Marketingové riadenie rozvoja samosprávy s dôrazom na komunikáciu

Marketingové nástroje, množstvo finančných a ľudských zdrojov potrebných na úspešné riadenie samosprávy. Marketing územia. Marketingová komunikácia - hromadná komunikácia, osobná komunikácia, podpora predaja. SWOT analýza. Mestské informačné centrum (MIC). Činnosť MIC.

Saved in:
Bibliographic Details
Main Author: Csikósová, Adriana
Other Authors: Taušová, Marcela, Antošová, Mária, 1965-
Format: Book Chapter
Language:Slovak
Subjects:
Tags: Add Tag
No Tags, Be the first to tag this record!

MARC

LEADER 00000naa$a2200000$$$4500
001 0059656
005 20230918071326.9
041 0 |a slo 
044 |a SK 
245 1 0 |a Marketingové riadenie rozvoja samosprávy s dôrazom na komunikáciu  |c Adriana Csikósová, Marcela Taušová, Mária Antošová 
520 |a Marketingové nástroje, množstvo finančných a ľudských zdrojov potrebných na úspešné riadenie samosprávy. Marketing územia. Marketingová komunikácia - hromadná komunikácia, osobná komunikácia, podpora predaja. SWOT analýza. Mestské informačné centrum (MIC). Činnosť MIC. 
610 2 0 |a samospráva 
610 2 0 |a marketing manažment 
610 2 0 |a komunikácia 
610 2 0 |a komunikácia masová 
610 2 0 |a podpora predaja 
610 2 0 |a práca s verejnosťou 
100 1 |a Csikósová, Adriana 
700 1 |a Taušová, Marcela 
700 1 |a Antošová, Mária, 1965-